Doctor Faustus : (Record no. 76849)
[ view plain ]
| 000 -LEADER | |
|---|---|
| fixed length control field | 00719cam a2200217 a 4500 |
| 001 - CONTROL NUMBER | |
| control field | 76849 |
| 003 - CONTROL NUMBER IDENTIFIER | |
| rucl marc code | BD-RjUL |
| 005 - DATE AND TIME OF LATEST TRANSACTION | |
| control field | 20211209082909.0 |
| 008 - FIXED-LENGTH DATA ELEMENTS--GENERAL INFORMATION | |
| fixed length control field | 200127r19691949enk 000 1 eng d |
| 035 ## - SYSTEM CONTROL NUMBER | |
| System control number | (BD-RjUL)77073 |
| 040 ## - CATALOGING SOURCE | |
| Original cataloging agency | EQO |
| Transcribing agency | EQO |
| Language of cataloging | eng |
| Modifying agency | BD-RjUL |
| 041 ## - LANGUAGE CODE | |
| Language code of text/sound track or separate title | eng |
| 082 ## - DEWEY DECIMAL CLASSIFICATION NUMBER | |
| Classification number | 780.92 |
| Author mark and year | MAD 1969 |
| Edition number | 23 |
| 100 1# - MAIN ENTRY--PERSONAL NAME | |
| Personal name | Mann, Thomas, |
| Dates associated with a name | 1875-1955. |
| 9 (RLIN) | 53289 |
| 245 10 - TITLE STATEMENT | |
| Title | Doctor Faustus : |
| Remainder of title | the life of the German composer Adrian Leverkühn, as told by a friend / |
| Statement of responsibility, etc. | Thomas Mann; translated by H. T. Lowe-Porter |
| 260 ## - PUBLICATION, DISTRIBUTION, ETC. (IMPRINT) | |
| Place of publication, distribution, etc. | London : |
| Name of publisher, distributor, etc. | Seker & Warburg , |
| Date of publication, distribution, etc. | 1969 |
| 300 ## - PHYSICAL DESCRIPTION | |
| Pagination | 510 p. ; |
| Size | 23 cm. |
| 700 1# - ADDED ENTRY--PERSONAL NAME | |
| Personal name | Lowe-Porter, H. T. |
| Fuller form of name | (Helen Tracy), |
| Dates associated with a name | 1876-1963. |
| 942 ## - ADDED ENTRY ELEMENTS (KOHA) | |
| Source of classification or shelving scheme | Dewey Decimal Classification |
| Koha item type | Books |
| Lost status | Source of classification or shelving scheme | Damaged status | Not for loan | Collection code | Permanent Location | Current Location | Shelving location | Date acquired | Source of acquisition | Cost, normal purchase price | Total Checkouts | Full call number | Date last seen | Copy number | Koha item type |
|---|---|---|---|---|---|---|---|---|---|---|---|---|---|---|---|
| Dewey Decimal Classification | Not For Loan | Non-fiction | Central Library, University of Rajshahi | Central Library, University of Rajshahi | Reading Room | 03/03/1973 | B.H. Blackwell | 3.15 | 780.92 MAD 1969 | 27/01/2020 | C-1 | Books |